000 01351nam a2200385 i 4500
001 33654
003 KOSZ 005
005 20220720135030.0
008 991203s1998 pl a |000 0 pol
035 _a(OCoLC)750018297
040 _aWA N
_cWA N
_dKOSZ 005/HR
046 _k1998
080 _a330.35(438)
080 _a339.133(438)
080 _a338.27(438)
100 1 _aWelfe, Władysław
_d(1927-2013)
_eAutor
245 1 0 _aKonsekwencje ograniczania popytu finalnego a perspektywy wzrostu /
_cWładysław Welfe, Aleksander Welfe, Waldemar Florczak.
260 _aWarszawa :
_bIRiSS,
_c1998.
300 _a69 s. :
_btab., wykr. ;
_c25 cm.
380 _aKsiążki
388 _a1901-2000
388 _a1989-2000
490 1 _aRaporty / Instytut Rozwoju i Studiów Strategicznych,
_x1230-2848 ;
_v74.
650 4 _aWzrost gospodarczy
650 4 _aPopyt
650 4 _aPrognozy
651 _aPolska
655 7 _aRaport z badań
658 _aGospodarka, ekonomia, finanse
700 1 _aFlorczak, Waldemar
_eAutor
700 1 _aWelfe, Aleksander
_d(1960- )
_eAutor
830 0 _aRaporty - Instytut Rozwoju i Studiów Strategicznych
_v74
856 _uhttp://koha.tu.koszalin.pl/cgi-bin/koha/opac-detail.pl?biblionumber=33654
_yKatalog online BPK
942 _2UKD
_cKS
999 _c33654
_d33654